<?xml version="1.0" encoding="UTF-8"?><marc:collection xmlns:marc="http://www.loc.gov/MARC21/slim">
  <marc:record>
    <marc:leader>04824nas a2200625 c 4500</marc:leader>
    <marc:controlfield tag="001">010002820</marc:controlfield>
    <marc:controlfield tag="003">DE-101</marc:controlfield>
    <marc:controlfield tag="005">20250827170744.0</marc:controlfield>
    <marc:controlfield tag="007">tu</marc:controlfield>
    <marc:controlfield tag="008">991118c18859999xxuu||p|  ||| 0||||1eng c</marc:controlfield>
    <marc:datafield tag="016" ind1="7" ind2=" ">
      <marc:subfield code="2">DE-600</marc:subfield>
      <marc:subfield code="a">340-2</marc:subfield>
    </marc:datafield>
    <marc:datafield tag="016" ind1="7" ind2=" ">
      <marc:subfield code="2">DE-101</marc:subfield>
      <marc:subfield code="a">010002820</marc:subfield>
    </marc:datafield>
    <marc:datafield tag="022" ind1=" " ind2=" ">
      <marc:subfield code="a">0003-4932</marc:subfield>
    </marc:datafield>
    <marc:datafield tag="030" ind1=" " ind2=" ">
      <marc:subfield code="a">ANSUA</marc:subfield>
    </marc:datafield>
    <marc:datafield tag="035" ind1=" " ind2=" ">
      <marc:subfield code="a">(DE-599)ZDB340-2</marc:subfield>
    </marc:datafield>
    <marc:datafield tag="035" ind1=" " ind2=" ">
      <marc:subfield code="a">(OCoLC)1367291051</marc:subfield>
    </marc:datafield>
    <marc:datafield tag="040" ind1=" " ind2=" ">
      <marc:subfield code="a">9001</marc:subfield>
      <marc:subfield code="b">ger</marc:subfield>
      <marc:subfield code="c">DE-101</marc:subfield>
      <marc:subfield code="d">9999</marc:subfield>
    </marc:datafield>
    <marc:datafield tag="041" ind1=" " ind2=" ">
      <marc:subfield code="a">eng</marc:subfield>
    </marc:datafield>
    <marc:datafield tag="042" ind1=" " ind2=" ">
      <marc:subfield code="a">zdb</marc:subfield>
    </marc:datafield>
    <marc:datafield tag="044" ind1=" " ind2=" ">
      <marc:subfield code="c">XD-US</marc:subfield>
    </marc:datafield>
    <marc:datafield tag="082" ind1="7" ind2="4">
      <marc:subfield code="a">610</marc:subfield>
      <marc:subfield code="q">DE-600</marc:subfield>
      <marc:subfield code="2">22sdnb</marc:subfield>
    </marc:datafield>
    <marc:datafield tag="084" ind1=" " ind2=" ">
      <marc:subfield code="a">XA 10000</marc:subfield>
      <marc:subfield code="2">rvk</marc:subfield>
    </marc:datafield>
    <marc:datafield tag="210" ind1="0" ind2="0">
      <marc:subfield code="a">Ann. Surg.</marc:subfield>
    </marc:datafield>
    <marc:datafield tag="245" ind1="0" ind2="0">
      <marc:subfield code="a">Annals of surgery</marc:subfield>
      <marc:subfield code="b">a monthly review of surgical science and practice</marc:subfield>
      <marc:subfield code="c">American Surgical Association ; European Surgical Association ; The Southern Surgical Association ; Philadelphia Academy of Surgery ; New York Surgical Society</marc:subfield>
    </marc:datafield>
    <marc:datafield tag="264" ind1="3" ind2="1">
      <marc:subfield code="a">Hagerstown, Md.</marc:subfield>
      <marc:subfield code="b">Lippincott, Williams &amp; Wilkins</marc:subfield>
      <marc:subfield code="c">1885-</marc:subfield>
    </marc:datafield>
    <marc:datafield tag="264" ind1="2" ind2="1">
      <marc:subfield code="3">1885-1995</marc:subfield>
      <marc:subfield code="a">Philadelphia, Pa. [u.a.]</marc:subfield>
      <marc:subfield code="b">Lippincott</marc:subfield>
    </marc:datafield>
    <marc:datafield tag="264" ind1="2" ind2="1">
      <marc:subfield code="3">1996-1998</marc:subfield>
      <marc:subfield code="a">Hagerstown, Md.</marc:subfield>
      <marc:subfield code="b">Lippincott - Raven Publishers</marc:subfield>
    </marc:datafield>
    <marc:datafield tag="336" ind1=" " ind2=" ">
      <marc:subfield code="a">Text</marc:subfield>
      <marc:subfield code="b">txt</marc:subfield>
      <marc:subfield code="2">rdacontent</marc:subfield>
    </marc:datafield>
    <marc:datafield tag="337" ind1=" " ind2=" ">
      <marc:subfield code="a">ohne Hilfsmittel zu benutzen</marc:subfield>
      <marc:subfield code="b">n</marc:subfield>
      <marc:subfield code="2">rdamedia</marc:subfield>
    </marc:datafield>
    <marc:datafield tag="338" ind1=" " ind2=" ">
      <marc:subfield code="a">Band</marc:subfield>
      <marc:subfield code="b">nc</marc:subfield>
      <marc:subfield code="2">rdacarrier</marc:subfield>
    </marc:datafield>
    <marc:datafield tag="362" ind1="0" ind2=" ">
      <marc:subfield code="a">1.1885 -</marc:subfield>
    </marc:datafield>
    <marc:datafield tag="363" ind1="0" ind2="1">
      <marc:subfield code="8">1.1\x</marc:subfield>
      <marc:subfield code="a">1</marc:subfield>
      <marc:subfield code="i">1885</marc:subfield>
    </marc:datafield>
    <marc:datafield tag="650" ind1=" " ind2="7">
      <marc:subfield code="0">(DE-588)4009987-8</marc:subfield>
      <marc:subfield code="0">https://d-nb.info/gnd/4009987-8</marc:subfield>
      <marc:subfield code="0">(DE-101)040099873</marc:subfield>
      <marc:subfield code="a">Chirurgie</marc:subfield>
      <marc:subfield code="9">rswk-swf</marc:subfield>
      <marc:subfield code="2">gnd</marc:subfield>
    </marc:datafield>
    <marc:datafield tag="655" ind1=" " ind2="7">
      <marc:subfield code="0">(DE-588)4067488-5</marc:subfield>
      <marc:subfield code="0">https://d-nb.info/gnd/4067488-5</marc:subfield>
      <marc:subfield code="0">(DE-101)040674886</marc:subfield>
      <marc:subfield code="a">Zeitschrift</marc:subfield>
      <marc:subfield code="2">gnd-content</marc:subfield>
    </marc:datafield>
    <marc:datafield tag="655" ind1=" " ind2="7">
      <marc:subfield code="a">Zeitschrift</marc:subfield>
      <marc:subfield code="9">rswk-swf</marc:subfield>
      <marc:subfield code="2">gnd</marc:subfield>
    </marc:datafield>
    <marc:datafield tag="689" ind1="0" ind2="0">
      <marc:subfield code="0">(DE-588)4009987-8</marc:subfield>
      <marc:subfield code="0">https://d-nb.info/gnd/4009987-8</marc:subfield>
      <marc:subfield code="0">(DE-101)040099873</marc:subfield>
      <marc:subfield code="D">s</marc:subfield>
      <marc:subfield code="a">Chirurgie</marc:subfield>
    </marc:datafield>
    <marc:datafield tag="689" ind1="0" ind2="1">
      <marc:subfield code="A">f</marc:subfield>
      <marc:subfield code="a">Zeitschrift</marc:subfield>
    </marc:datafield>
    <marc:datafield tag="689" ind1="0" ind2=" ">
      <marc:subfield code="5">DE-600</marc:subfield>
      <marc:subfield code="5">DE-600</marc:subfield>
    </marc:datafield>
    <marc:datafield tag="710" ind1="2" ind2=" ">
      <marc:subfield code="0">(DE-588)1000653-9</marc:subfield>
      <marc:subfield code="0">https://d-nb.info/gnd/1000653-9</marc:subfield>
      <marc:subfield code="0">(DE-101)004003950</marc:subfield>
      <marc:subfield code="a">American Surgical Association</marc:subfield>
      <marc:subfield code="e">Herausgebendes Organ</marc:subfield>
      <marc:subfield code="4">isb</marc:subfield>
      <marc:subfield code="2">gnd</marc:subfield>
    </marc:datafield>
    <marc:datafield tag="710" ind1="2" ind2=" ">
      <marc:subfield code="0">(DE-588)5311210-6</marc:subfield>
      <marc:subfield code="0">https://d-nb.info/gnd/5311210-6</marc:subfield>
      <marc:subfield code="0">(DE-101)955747716</marc:subfield>
      <marc:subfield code="a">European Surgical Association</marc:subfield>
      <marc:subfield code="e">Herausgebendes Organ</marc:subfield>
      <marc:subfield code="4">isb</marc:subfield>
      <marc:subfield code="2">gnd</marc:subfield>
    </marc:datafield>
    <marc:datafield tag="710" ind1="2" ind2=" ">
      <marc:subfield code="0">(DE-588)10001971-7</marc:subfield>
      <marc:subfield code="0">https://d-nb.info/gnd/10001971-7</marc:subfield>
      <marc:subfield code="0">(DE-101)958717915</marc:subfield>
      <marc:subfield code="a">New York Surgical Association</marc:subfield>
      <marc:subfield code="e">Herausgebendes Organ</marc:subfield>
      <marc:subfield code="4">isb</marc:subfield>
      <marc:subfield code="2">gnd</marc:subfield>
    </marc:datafield>
    <marc:datafield tag="710" ind1="2" ind2=" ">
      <marc:subfield code="0">(DE-588)1018445-4</marc:subfield>
      <marc:subfield code="0">https://d-nb.info/gnd/1018445-4</marc:subfield>
      <marc:subfield code="0">(DE-101)004105095</marc:subfield>
      <marc:subfield code="a">Southern Surgical Association</marc:subfield>
      <marc:subfield code="e">Herausgebendes Organ</marc:subfield>
      <marc:subfield code="4">isb</marc:subfield>
      <marc:subfield code="2">gnd</marc:subfield>
    </marc:datafield>
    <marc:datafield tag="710" ind1="2" ind2=" ">
      <marc:subfield code="0">(DE-588)1018756-X</marc:subfield>
      <marc:subfield code="0">https://d-nb.info/gnd/1018756-X</marc:subfield>
      <marc:subfield code="0">(DE-101)004107438</marc:subfield>
      <marc:subfield code="a">Philadelphia Academy of Surgery</marc:subfield>
      <marc:subfield code="e">Herausgebendes Organ</marc:subfield>
      <marc:subfield code="4">isb</marc:subfield>
      <marc:subfield code="2">gnd</marc:subfield>
    </marc:datafield>
    <marc:datafield tag="775" ind1="0" ind2="8">
      <marc:subfield code="i">Parallele Sprachausgabe</marc:subfield>
      <marc:subfield code="n">Span. Ausg.</marc:subfield>
      <marc:subfield code="t">Anales de cirugía</marc:subfield>
      <marc:subfield code="d">Filadelfia, Pa. : Lippincott, 1942-1946</marc:subfield>
      <marc:subfield code="w">(DE-600)1059288-X</marc:subfield>
      <marc:subfield code="w">(DE-101)015908275</marc:subfield>
    </marc:datafield>
    <marc:datafield tag="776" ind1="0" ind2="8">
      <marc:subfield code="i">Erscheint auch als</marc:subfield>
      <marc:subfield code="n">Online-Ausgabe</marc:subfield>
      <marc:subfield code="t">Annals of surgery</marc:subfield>
      <marc:subfield code="d">[Erscheinungsort nicht ermittelbar] : Lippincott Williams &amp; Wilkins, 1885-</marc:subfield>
      <marc:subfield code="h">Online-Ressource</marc:subfield>
      <marc:subfield code="x">1528-1140</marc:subfield>
      <marc:subfield code="w">(DE-600)2002200-1</marc:subfield>
      <marc:subfield code="w">(DE-101)020065515</marc:subfield>
    </marc:datafield>
    <marc:datafield tag="785" ind1="0" ind2="0">
      <marc:subfield code="i">Daraus hervorgeg.</marc:subfield>
      <marc:subfield code="a">New York Surgical Society</marc:subfield>
      <marc:subfield code="t">Transactions of the New York Surgical Society</marc:subfield>
      <marc:subfield code="d">New York, NY : [Verlag nicht ermittelbar], 1912-1912</marc:subfield>
      <marc:subfield code="w">(DE-600)1246507-0</marc:subfield>
      <marc:subfield code="w">(DE-101)017695813</marc:subfield>
    </marc:datafield>
    <marc:datafield tag="787" ind1="0" ind2="8">
      <marc:subfield code="i">113,5=53 von</marc:subfield>
      <marc:subfield code="a">Southern Surgical Association</marc:subfield>
      <marc:subfield code="t">Annual session of the Southern Surgical Association</marc:subfield>
      <marc:subfield code="d">Philadelphia, Pa. : Lippincott, 1941-1941</marc:subfield>
      <marc:subfield code="w">(DE-600)773232-6</marc:subfield>
      <marc:subfield code="w">(DE-101)014236524</marc:subfield>
    </marc:datafield>
    <marc:datafield tag="787" ind1="0" ind2="8">
      <marc:subfield code="i">113,6=1 von</marc:subfield>
      <marc:subfield code="a">Central Surgical Association</marc:subfield>
      <marc:subfield code="t">Abstracts of papers</marc:subfield>
      <marc:subfield code="d">Philadelphia, Pa. : Lippincott, 1941-</marc:subfield>
      <marc:subfield code="w">(DE-600)773239-9</marc:subfield>
      <marc:subfield code="w">(DE-101)014236591</marc:subfield>
    </marc:datafield>
    <marc:datafield tag="787" ind1="0" ind2="8">
      <marc:subfield code="i">115,4=189 von</marc:subfield>
      <marc:subfield code="a">Southern Surgical Association</marc:subfield>
      <marc:subfield code="t">Papers meeting of the Southern Surgical Association</marc:subfield>
      <marc:subfield code="d">Philadelphia, Pa. [u.a.] : Lippincott, 1942-1942</marc:subfield>
      <marc:subfield code="w">(DE-600)767773-X</marc:subfield>
      <marc:subfield code="w">(DE-101)014197618</marc:subfield>
    </marc:datafield>
    <marc:datafield tag="787" ind1="0" ind2="8">
      <marc:subfield code="i">118,2u.4=64; 124,4/6=66; 126,4-6=67; 130,3-4=69; 132,3-4=70; 188,3-4=98; 218=114  von</marc:subfield>
      <marc:subfield code="a">American Surgical Association</marc:subfield>
      <marc:subfield code="t">Papers delivered before the annual session of the American Surgical Association</marc:subfield>
      <marc:subfield code="d">Philadelphia, Pa. : Lippincott, 1943-</marc:subfield>
      <marc:subfield code="w">(DE-600)773235-1</marc:subfield>
      <marc:subfield code="w">(DE-101)014236559</marc:subfield>
    </marc:datafield>
    <marc:datafield tag="787" ind1="0" ind2="8">
      <marc:subfield code="i">119,3-4=55; 121,4-5=56; 123,4-5=57; 125,5-6u.126,1=58; 127,5=59; 129,5-6=60; 131,5-6=61; 133,5-6=62; 135,5-6=63; 137,5-6=64; 139,5-6=65; 141,5-6=66; 143,5-6=67; 187,5-6=89 von</marc:subfield>
      <marc:subfield code="a">Southern Surgical Association</marc:subfield>
      <marc:subfield code="t">Papers delivered before the annual session of the Southern Surgical Association</marc:subfield>
      <marc:subfield code="d">Philadelphia, Pa. : Lippincott, 1944-</marc:subfield>
      <marc:subfield code="w">(DE-600)773240-5</marc:subfield>
      <marc:subfield code="w">(DE-101)014236605</marc:subfield>
    </marc:datafield>
    <marc:datafield tag="787" ind1="0" ind2="8">
      <marc:subfield code="i">217,6=104; 219,5-6=105 von</marc:subfield>
      <marc:subfield code="a">Southern Surgical Association</marc:subfield>
      <marc:subfield code="t">Annual scientific session of the Southern Surgical Association</marc:subfield>
      <marc:subfield code="d">Philadelphia, Pa. : Lippincott, 1993-</marc:subfield>
      <marc:subfield code="w">(DE-600)1174766-3</marc:subfield>
      <marc:subfield code="w">(DE-101)017025419</marc:subfield>
    </marc:datafield>
    <marc:datafield tag="787" ind1="0" ind2="8">
      <marc:subfield code="i">Zugl. einzelne Bd. von</marc:subfield>
      <marc:subfield code="a">American Surgical Association</marc:subfield>
      <marc:subfield code="t">Transactions of the American Surgical Association</marc:subfield>
      <marc:subfield code="d">Philadelphia, Pa. [u.a.] : Lippincott, 1883-</marc:subfield>
      <marc:subfield code="x">0066-0833</marc:subfield>
      <marc:subfield code="w">(DE-600)200794-0</marc:subfield>
      <marc:subfield code="w">(DE-101)011140046</marc:subfield>
    </marc:datafield>
    <marc:datafield tag="787" ind1="0" ind2="8">
      <marc:subfield code="i">228,6=1998; 242,6=12 von</marc:subfield>
      <marc:subfield code="a">European Surgical Association</marc:subfield>
      <marc:subfield code="t">Papers delivered at the annual meeting of the European Surgical Association</marc:subfield>
      <marc:subfield code="d">Philadelphia, Pa. : Lippincott, 1998-</marc:subfield>
      <marc:subfield code="w">(DE-600)1458654-X</marc:subfield>
      <marc:subfield code="w">(DE-101)01952076X</marc:subfield>
    </marc:datafield>
    <marc:datafield tag="850" ind1=" " ind2=" ">
      <marc:subfield code="a">DE-101a</marc:subfield>
    </marc:datafield>
  </marc:record>
</marc:collection>
